000 02023nam a2200241Ia 4500
999 _c1223
_d1223
020 _a9780077119669
020 _a0077119665
020 _a0077117875
020 _a9780077117870
050 4 _aHB171.5
_b.B458
100 1 _aBegg, David K. H.
245 1 0 _aEconomics /
_cDavid Begg, Stanley Fischer, Rudiger Dornbusch.
250 _a9th ed.
260 _aMaidenhead :
_bMcGraw-Hill Higher Education,
_c2008.
300 _axxiii, 776 p. :
_bill. ;
_c26 cm.
500 _aPrevious ed.: 2005.
505 _aPart One: Introduction 1. Economics and the economy 2. Tools of economic analysis 3. Demand, supply and the market Part Two: Positive microeconomics 4. Elasticities of demand and supply 5. Consumer choice and demand decisions 6. Introducing supply decisions 7. Costs and supply 8. Perfect competition and pure monopoly 9. Market structure and imperfect competition 10. The labour market 11. Different types of labour 12. Factor markets and income distribution 13. Risk and information 14. The information economy Part Three: Welfare ecomonics 15. Welfare economics 16. Government spending and revenue 17. Industrial policy and competition policy 18. Natural monopoly: public or private? Part Four: Macroeconomics 19. Introduction to macroeconomics 20. Output and aggregate demand 21. Fiscal policy and foreign trade 22. Money and banking 23. Interest rates and monetary transmission 24. Monetary and fiscal policy 25. Aggregate supply, prices and adjustment to shocks 26. Inflation, expectations and credibility 27. Unemployment 28. Exchange rates and the balance of payments 29. Open economy macroeconomics 30. Economic growth 31. Business cycles 32. Macroeconomics: taking stock Part Five: The world economy 33. International trade 34. Exchange rate regimes 35. European integration 36. Poverty, development and globalisation Appendix: Answers to review questions Glossary Index
650 0 _aEconomics.
650 0 _aEconomics
700 1 _aFischer, Stanley.
700 1 _aDornbusch, Rudiger.
942 _cBK